Schooling and society: studiies in the history of education. (Record no. 43602)
[ view plain ]
| 000 -LEADER | |
|---|---|
| fixed length control field | 00439nam a2200121Ia 4500 |
| 008 - FIXED-LENGTH DATA ELEMENTS--GENERAL INFORMATION | |
| fixed length control field | 180412s9999||||xx |||||||||||||| ||und|| |
| 020 ## - INTERNATIONAL STANDARD BOOK NUMBER | |
| International Standard Book Number | 801817498 |
| 040 ## - CATALOGING SOURCE | |
| Original cataloging agency | Ahmadu Bello University Library - Zaria |
| 100 ## - MAIN ENTRY--PERSONAL NAME | |
| Personal name | Stone, Lawrence |
| 245 #0 - TITLE STATEMENT | |
| Title | Schooling and society: studiies in the history of education. |
| Statement of responsibility, etc. | edited by Lawrence Stone |
| 260 ## - PUBLICATION, DISTRIBUTION, ETC. | |
| Place of publication, distribution, etc. | Baltinmore |
| Name of publisher, distributor, etc. | John Hopkins U. P. |
| Date of publication, distribution, etc. | 1976 |
| 300 ## - PHYSICAL DESCRIPTION | |
| Extent | xviii, 263p., table. |
| 500 ## - GENERAL NOTE | |
| General note | Includes bibliographical references. |
No items available.